00687 2200277 4500001002100000008004100021035002000062245004900082100001300131260003100144300002100175020002200196084001800218082001000236650002300246990001400269990001400283990001400297990001400311990001400325990001400339990001400353990001400367990001400381990001400395INLIS000000000000810 ind  a0010-0426000007 aMandiri Plus Kimia SMA/MA Kelas XIcSoedjono aSoedjono aJakarta :bErlangga,c2024 a246 hlm.c25 cm. a978-623-180-914-8 a540.7 SOE m-1 a540.7 aPendidikan - Kimia a000001483 a000001484 a000001485 a000001486 a000001487 a000001488 a000001489 a000001490 a000001491 a000001492